000 00637nam a22001937a 4500
999 _c166692
_d166692
005 20190805122103.0
010 _aENG-126129
020 _a9789353282288
_c750.00
035 _aEN-109661
037 _bDBAD/PUB
082 _a330.0954
100 _aRedkar,Chaitra
245 _a Gandhian engagement with capital:
_bperspectives of J.C.Kumarappa/
_cby Chaitra Redkar
260 _bSage publication India Pvt.Ltd
_aNew Delhi
_c2019
270 _aB1/I-1 Mohan Cooperative Industrial Area,Mathura Road
_bNew Delhi
_e110002
300 _a217p.
_c21cm(pbk)
500 _aincludes index
942 _2ddc
_cEN
_h330.0954
_mRED